LIBRARY & INFORMATION CENTRE, KCAET, TAVANUR

ONLINE PUBLIC ACCESS CATALOGUE (OPAC)

Prajar / (Record no. 12186)

MARC details
000 -LEADER
fixed length control field 00379cam a2200157ua 4500
041 ## - LANGUAGE CODE
Language code of text/sound track or separate title hin
082 ## - DEWEY DECIMAL CLASSIFICATION NUMBER
Classification number 891.43
Item number KRI/PA
100 ## - MAIN ENTRY--AUTHOR NAME
Personal name Krishnachandra, .
245 ## - TITLE STATEMENT
Title Prajar /
260 ## - PUBLICATION, DISTRIBUTION, ETC. (IMPRINT)
Place of publication :
Name of publisher Rajapal yada sangei ,
Year of publication 1958.
300 ## - PHYSICAL DESCRIPTION
Number of Pages 236 ; .

No items available.

free website counter